Seattle Seahawks Pro Bowlers Since 1976 - Statistics

General Stats
  • This quiz has been taken 83 times
    51 since last reset
  • The average score is 80 of 157
Answer Stats
Year Position Answer % Correct
2023 QB Geno Smith
98%
2022 QB Geno Smith
98%
2023 WR D.K. Metcalf
93%
2020 WR D.K. Metcalf
93%
2021 QB Russell Wilson
91%
2020 QB Russell Wilson
91%
2019 QB Russell WIlson
91%
2018 QB Russell Wilson
91%
2017 QB Russell Wilson
91%
2015 QB Russell Wilson
91%
2014 QB Russell Wilson
91%
2013 QB Russell Wilson
91%
2012 QB Russell Wilson
91%
2023 LB Bobby Wagner
89%
2021 LB Bobby Wagner
89%
2020 LB Bobby Wagner
89%
2019 LB Bobby Wagner
89%
2018 LB Bobby Wagner
89%
2017 LB Bobby Wagner
89%
2016 LB Bobby Wagner
89%
2015 LB Bobby Wagner
89%
2014 LB Bobby Wagner
89%
2024 CB Devon Witherspoon
84%
2023 CB Devon Witherspoon
84%
2017 S Earl Thomas
84%
2015 S Earl Thomas
84%
2014 S Earl Thomas
84%
2013 S Earl Thomas
84%
2012 S Earl Thomas
84%
2011 S Earl Thomas
84%
2014 RB Marshawn Lynch
84%
2013 RB Marshawn Lynch
84%
2012 RB Marshawn Lynch
84%
2011 RB Marshawn Lynch
84%
2016 CB Richard Sherman
84%
2015 CB Richard Sherman
84%
2014 CB Richard Sherman
84%
2013 CB Richard Sherman
84%
2005 HB Shaun Alexander
80%
2004 RB Shaun Alexander
80%
2003 RB Shaun Alexander
80%
2022 CB Tariq Woolen
80%
2015 KR/PR Tyler Lockett
80%
2015 S Kam Chancellor
78%
2014 S Kam Chancellor
78%
2013 S Kam Chancellor
78%
2011 S Kam Chancellor
78%
1987 WR Steve Largent
78%
1986 WR Steve Largent
78%
1985 WR Steve Largent
78%
1984 WR Steve Largent
78%
1981 WR Steve Largent
78%
1979 WR Steve Largent
78%
1978 WR Steve Largent
78%
2007 QB Matt Hasselbeck
71%
2005 QB Matt Hasselbeck
71%
2003 QB Matt Hasselbeck
71%
2020 S Jamal Adams
67%
2022 K Jason Myers
64%
2017 WR Doug Baldwin
60%
2016 WR Doug Baldwin
60%
2017 TE Jimmy Graham
60%
2016 TE Jimmy Graham
60%
2022 FS Quandre Diggs
60%
2021 FS Quandre Diggs
60%
2020 S Quandre Diggs
60%
2023 FS Julian Love
58%
2018 P Michael Dickson
58%
2008 OT Walter Jones
56%
2007 OT Walter Jones
56%
2006 OT Walter Jones
56%
2005 OT Walter Jones
56%
2004 OT Walter Jones
56%
2003 OT Walter Jones
56%
2002 OT Walter Jones
56%
2001 OT Walter Jones
56%
1999 OT Walter Jones
56%
2021 OT Duane Brown
53%
2017 OT Duane Brown
53%
2016 LB K.J. Wright
53%
1999 LB Chad Brown
51%
1998 LB Chad Brown
51%
1984 CB Dave Brown
51%
2017 DE Michael Bennett
51%
2016 DE Michael Bennett
51%
2015 DE Michael Bennett
51%
1999 DT Cortez Kennedy
44%
1998 DT Cortez Kennedy
44%
1995 DT Cortez Kennedy
44%
1994 DT Cortez Kennedy
44%
1993 DT Cortez Kennedy
44%
1992 DT Cortez Kennedy
44%
1991 DT Cortez Kennedy
44%
2016 DE Cliff Avril
40%
1989 QB Dave Krieg
40%
1988 QB Dave Krieg
40%
1984 QB Dave Krieg
40%
1997 QB Warren Moon
40%
2013 C Max Unger
38%
2012 C Max Unger
38%
1987 RB Curt Warner
36%
1986 RB Curt Warner
36%
1983 RB Curt Warner
36%
1987 S Kenny Easley
31%
1985 S Kenny Easley
31%
1984 S Kenny Easley
31%
1983 S Kenny Easley
31%
1982 S Kenny Easley
31%
2019 CB Shaquill Griffin
29%
1997 CB Darryl Williams
27%
1991 FB John Williams
27%
1990 FB John Williams
27%
2012 OT Russell Okung
27%
2011 CB Brandon Browner
22%
2007 LB Lofa Tatupu
22%
2006 LB Lofa Tatupu
22%
2005 LB Lofa Tatupu
22%
2023 ST Nick Bellore
22%
2020 ST Nick Bellore
22%
1984 K Norm Johnson
22%
2005 OG Steve Hutchinson
22%
2004 OG Steve Hutchinson
22%
2003 OG Steve Hutchinson
22%
1988 DE Jacob Green
18%
1987 DE Jacob Green
18%
1986 DE Jacob Green
18%
2007 CB Marcus Trufant
18%
2020 LS Tyler Ott
18%
1995 RB Chris Warren
16%
1994 RB Chris Warren
16%
1993 RB Chris Warren
16%
1993 S Eugene Robinson
16%
1992 S Eugene Robinson
16%
2011 FB Michael Robinson
16%
1989 WR Brian Blades
13%
2008 LB Julian Peterson
13%
2007 LB Julian Peterson
13%
2006 LB Julian Peterson
13%
2012 KR/PR Leon Washington
11%
2006 FB Mack Strong
11%
2005 FB Mack Strong
11%
1998 CB Shawn Springs
7%
1987 LB Fredd Young
4%
1986 LB Fredd Young
4%
1985 LB Fredd Young
4%
1984 DT Joe Nash
4%
2001 DT John Randle
4%
1998 DE Michael Sinclair
4%
1997 DE Michael Sinclair
4%
1996 DE Michael Sinclair
4%
1986 KR/PR Bobby Joe Edmonds
2%
2007 DE Patrick Kerney
2%
2005 C Robbie Tobeck
2%
2003 ST Alex Bannister
0%
1994 P Rick Tuten
0%
1989 LB Rufus Porter
0%
1988 ST Rufus Porter
0%
No matching quizzes found
Score Distribution
Percent of People with Each Score
Percentile by Number Answered
Your Score History
You have not taken this quiz since the last reset